Tous les kdramas 2023 - Statistiques

Statistiques générales
  • Ce quiz a été pris 405 fois
  • Le résultat moyen est 7 sur 115
Statistiques - réponses
Réponse % Correct
My Demon
70%
Celebrity
29%
King the land
29%
Twinkling watermelon
29%
A time called you
21%
Bloodhounds
21%
Doona
21%
Love to hate you
16%
Mask girl
16%
Night has come
15%
Strong girl nam soon
15%
Duty after school
14%
The good bad mother
14%
Daily dose of sunshine
13%
A good day to be a dog
12%
Black knight
12%
Death's game
12%
Destined with you
12%
Moving
12%
My lovely liar
12%
See you in my 19th life
12%
The killing vote
12%
Doctor Cha
9%
Queenmaker
9%
Revenant
9%
The worst of evil
9%
Vigilante
9%
Welcome to Samdalri
9%
My perfect stranger
8%
The escape of the seven
8%
Agency
7%
Brain works
7%
Crash course in romance
7%
Heartbeat
7%
My Dearest
7%
Strangers again
7%
Castaway diva
6%
Miraculous brothers
6%
Our blooming youth
6%
Perfect marriage revenge
6%
Moon in the day
5%
My lovely boxer
5%
Oasis
5%
Payback
5%
The deal
5%
All that we loved
4%
Battle for happiness
4%
Gyeongseong creature
4%
Lies hidden in my garden
4%
Longing for you
4%
My man is cupid
4%
Not others
4%
Numbers
4%
Song of the bandits
4%
The secret romantic guesthouse
4%
Behind your touch
3%
Bitch x rich
3%
Bo ra ! deborah
3%
Call it love
3%
Evilive
3%
High cookie
3%
Joseon attorney: a morality
3%
My happy ending
3%
One day off
3%
The matchmakers
3%
The story of Park's marriage contract
3%
The tale of the nine tailed 1938
3%
Family the unbreakable bond
2%
Kokdu season of deity
2%
Pandora
2%
Queen of masks
2%
Soundtrack #2
2%
The heavenly idol
2%
The real has come
2%
A bloody lucky day
1%
A shoulder to cry on
1%
Between him and her
1%
Boyhood
1%
Cold blooded intern
1%
Decoy
1%
Delivery man
1%
Divorce attorney Shin
1%
Durian's affair
1%
Han river police
1%
Jun & jun
1%
Our dating sim
1%
Secret playlist
1%
Stealer
1%
Tell me that you love me
1%
The eighth sense
1%
The kidnapping day
1%
A breeze of love
0%
All the liquors
0%
Bon appetit
0%
Boss dol mart
0%
Bump up bussiness
0%
Delightfully deceithful
0%
Elegant empire
0%
Finland papa
0%
Like flower in the sand
0%
Live your own live
0%
Love mate
0%
Love tractor
0%
Maestra
0%
My 20th twenty
0%
Our d day
0%
Race
0%
Romance by romance
0%
Sing my crush
0%
Snap spark
0%
Star struck
0%
The third marriage
0%
Unintentional love story
0%
Unpredictable family
0%
Why R U
0%
Aucun quiz correspondant
Distribution des résultats
% des personnes avec chaque résultat
Percentile par nombre de réponses
Votre historique - résultats
Vous n’avez pas pris ce quiz